| 000 | 01131nam a22003377a 4500 | ||
|---|---|---|---|
| 999 |
_c28113 _d28084 |
||
| 003 | EG-ScBUE | ||
| 005 | 20200216112837.0 | ||
| 008 | 200216s2016 ii a f d 001 0 eng d | ||
| 020 | _a9789350045091 | ||
| 040 |
_aEG-ScBUE _beng _erda _cEG-ScBUE _dEG-ScBUE |
||
| 082 | 0 | 4 |
_a658.5 _bJAI _222 |
| 100 | 1 |
_aJain, C. K., _eauthor. |
|
| 245 | 1 | 0 |
_aProduction and operations management / _cProf. K. C. Jain, Dr. P. L. Verma, Mr. Probhat Kartikey ; DT Editorial Services. |
| 264 | 1 |
_aNew Delhi : _bDreamtech Press, _c2016. |
|
| 300 |
_axx, 455 pages : _billustrations ; _c27 cm. |
||
| 336 |
_2rdacontent _atext _btxt |
||
| 337 |
_2rdamedia _aunmediated _bn |
||
| 338 |
_2rdacarrier _avolume _bnc |
||
| 490 | 0 | _aDreamtech management textbooks | |
| 500 | _aIncludes appendix. | ||
| 500 | _aIncludes glossary. | ||
| 500 | _aIncludes index. | ||
| 650 | 7 |
_aProduction management. _2BUEsh |
|
| 653 |
_bENGGEN _cFebruary2020 |
||
| 655 |
_vReading book _934232 |
||
| 700 | 1 |
_aVerma, L. P., _eauthor. |
|
| 700 | 1 |
_aKartikey, Prabhat, _eauthor. |
|
| 710 | 2 |
_aDT Editorial Services, _eeditor. |
|
| 942 |
_2ddc _cBB |
||